000 00729nam a2200241 i 4500
003 DO-SdBNP
005 20250321103657.0
007 ta
008 250321b2007 dr ac||| |||| 00| 0 spa d
040 _aDO-SdBNP
_bspa
_cBNPHU
_erda
082 4 _222
_axxx
_bxxx
245 0 3 _aLa campaña electoral :
_bregulación y control
250 _aprimera edición
264 1 _aSanto Domingo :
_bJunta Central Electoral,
_c2007.
300 _avolumen :
_bilustraciones, retratos ;
_c22 cm.
336 _atexto
_btxt
_2rdacontent
337 _asin medición
_bn
_2rdamedia
338 _avolumen
_bnc
_2rdacarrier
500 _aLa biblioteca poesee el volumen 1
590 _aInventariado, 2025/BT
910 _aBtavárez
942 _2ddc
_cLBS1
999 _c58515
_d58515